Lisaan-Ut-Tair (Record no. 2462)

MARC details
000 -LEADER
fixed length control field 00549nam a2200229 a 4500
020 ## - INTERNATIONAL STANDARD BOOK NUMBER
ISBN
082 00 - DEWEY DECIMAL CLASSIFICATION NUMBER
Classification number 297.4
Author Cutter ASH
100 ## - MAIN ENTRY--AUTHOR NAME
Author name Attaar, Khaja Fareeduddin
245 ## - TITLE STATEMENT
Title Lisaan-Ut-Tair
260 ## - PUBLICATION, DISTRIBUTION, ETC. (IMPRINT)
Place of publication Lahor
Name of publisher S.Mubarak Ali Book Book Seller
Year of publication 1939
300 ## - PHYSICAL DESCRIPTION
Number of Pages 288p
500 ## - GENERAL NOTE
General note includes index and biblioraphy
505 2# - FORMATTED CONTENTS NOTE
Formatted contents note Appendix
650 ## - SUBJECT ADDED ENTRY--TOPICAL TERM
Topical Term Sufism-Attar
942 ## - ADDED ENTRY ELEMENTS (KOHA)
Koha item type Books
Holdings
Home library Current library Date acquired Cost, normal purchase price Full call number Accession Number Koha item type
Henry Martyn Institute Library Henry Martyn Institute Library 03/11/2008 2.50 297.4 ASH 4229 Archive Book
                   Copyright © 2026 | Henry Martyn Institute | Hyderabad | TS-500052 | INDIA | Implemented by hmi.edu.in
Hit-Count:

Powered by Koha